Základy společenských věd péče o jazyk a komunikaci (péče o logos jako smysluplnou řeč)

Salvato in:
Dettagli Bibliografici
Natura: Libro
Lingua:ceco
Pubblicazione: Praha Eurolex Bohemia 2005
Edizione:2. vyd.
Soggetti:
Tags: Aggiungi Tag
Nessun Tag, puoi essere il primo ad aggiungerne!!

MARC

LEADER 00000nam$a2200000$$$4500
001 0070272
005 20240226103238.2
020 |a 80-86861-28-7 
041 0 |a cze 
044 |a CZ 
245 1 0 |a Základy společenských věd  |b péče o jazyk a komunikaci (péče o logos jako smysluplnou řeč) 
250 |a 2. vyd. 
264 1 |a Praha  |b Eurolex Bohemia  |c 2005 
300 |a 289 s. 
610 2 0 |a komunikácia 
610 2 0 |a jazykoveda 
610 2 0 |a komunikácia interpersonálna 
610 2 0 |a komunikácia marketingová 
610 2 0 |a komunikácia multikultúrna